000 00606nam a2200217Ia 4500
003 OSt
005 20230622120712.0
008 210423s2011 xx 000 0 und d
020 _a9788184871029
040 _cAL
041 _aeng
082 _a530.143 DEVV
_223
100 _aDEVANATHAN (V)
_999864
245 _aRelativistic quantum mechanics and quantum field theory
260 _aNew York
_bInstitute of Physics Publishing
_c2011
300 _axv,256
_bPB
365 _b270
_cINR
650 _aPhysics
_999865
906 _afield ; mechanics ; quantum ; Relativistic ; theory
942 _2ddc
_cBK
999 _c162456
_d162456